[Event "2024 Autumn Open"]
[Site "?"]
[Date "2024.09.15"]
[Round "4.7"]
[White "Richards, Joshua"]
[Black "Sharhorodsky, Yaroslav"]
[Result "1/2-1/2"]
[WhiteElo "1791"]
[BlackElo "1719"]
[PlyCount "112"]
[EventDate "2024.??.??"]
[SourceVersionDate "2024.10.01"]

1. e4 e5 2. Nf3 Nf6 3. Nxe5 d6 4. Nf3 Nxe4 5. Bc4 d5 6. Bb3 Bg4 7. d3 Nc5 8. O-O Nxb3 9. axb3 Be7 10. Nc3 d4 11. Ne4 f5 12. Ng3 Qd5 13. Re1 Nc6 14. Bg5 Bxf3 15. gxf3 Kf7 16. Bxe7 Nxe7 17. Qd2 Rhe8 18. Ra5 c5 19. Qg5 h6 20. Qh5+ Kf8 21. c4 dxc3 22. bxc3 b6 23. Ra4 Qxb3 24. Rf4 Qxc3 25. Re3 g6 26. Qxh6+ Qg7 27. Qxg7+ Kxg7 28. Re1 Nd5 29. Rxe8 Rxe8 30. Ra4 a5 31. Nf1 Nc3 32. Rc4 Ne2+ 33. Kh1 Nd4 34. Kg2 Re2 35. Ne3 Ne6 36. Ra4 Nf4+ 37. Rxf4 b5 38. Nd5 a4 39. Nc3 Rb2 40. Nxa4 bxa4 41. Rxa4 Rc2 42. Rc4 Rxc4 43. dxc4 f4 44. Kh3 Kf6 45. Kg4 g5 46. h3 Kg6 47. h4 gxh4 48. Kxh4 Kf5 49. Kh5 Ke5 50. Kg5 Kd4 51. Kxf4 Kxc4 52. Kg3 Kd4 53. f4 c4 54. f5 Ke5 55. Kf3 Kxf5 56. Ke3 Ke5 1/2-1/2

[Event "2024 Autumn Open"]
[Site "?"]
[Date "2024.09.15"]
[Round "4.8"]
[White "Rathbone-Jones, Ifan"]
[Black "Quinn, Peter"]
[Result "1-0"]
[WhiteElo "2128"]
[BlackElo "1786"]
[PlyCount "77"]
[EventDate "2024.??.??"]
[SourceVersionDate "2024.10.02"]

1. d4 Nf6 2. Bf4 d5 3. Nf3 e6 4. e3 c5 5. c3 cxd4 6. exd4 a6 7. Bd3 Bd6 8. Ne5 Qe7 9. Nd2 Nc6 10. Ndf3 Bd7 11. Qe2 h6 12. h4 O-O-O 13. b4 g5 14. Bh2 g4 15. Nxc6 Bxc6 16. Ne5 Bxe5 17. Qxe5 Ne4 18. Bxa6 g3 19. Bxb7+ Bxb7 20. Bxg3 Nxg3 21. Qxg3 Ba6 22. b5 Bb7 23. a4 Qc7 24. Qf3 e5 25. O-O e4 26. Qf6 Qd6 27. Qf5+ Qe6 28. Qxe6+ fxe6 29. a5 Kb8 30. Rfb1 Rc8 31. a6 Rxc3 32. axb7 Kxb7 33. Ra6 Rhc8 34. Rxe6 Rc1+ 35. Rxc1 Rxc1+ 36. Kh2 h5 37. Re5 Rd1 38. Rxd5 Kb6 39. Kg3 1-0

[Event "2024 Autumn Open"]
[Site "?"]
[Date "2024.09.15"]
[Round "4.9"]
[White "Prabhu, Vismith"]
[Black "Jukes, Sam"]
[Result "0-1"]
[WhiteElo "1731"]
[BlackElo "1895"]
[PlyCount "88"]
[EventDate "2024.??.??"]
[SourceVersionDate "2024.10.02"]

1. d4 Nf6 2. Nf3 e6 3. Bg5 d5 4. Nbd2 h6 5. Bxf6 Qxf6 6. e4 dxe4 7. Nxe4 Qd8 8. Bd3 b6 9. O-O Bb7 10. Re1 Be7 11. Qe2 O-O 12. Rad1 Nd7 13. c3 a5 14. Bb1 Nf6 15. Nxf6+ Bxf6 16. Qc2 g6 17. Ne5 Qd5 18. f3 Bxe5 19. Rxe5 Qd6 20. Rde1 Rae8 21. Qc1 Kg7 22. Qf4 Bd5 23. h4 h5 24. b3 b5 25. Qg5 Qd8 26. Qg3 Rh8 27. Bd3 Qd7 28. Qg5 c5 29. Bxb5 Qxb5 30. c4 Qd7 31. cxd5 f6 32. dxe6 Qxd4+ 33. Qe3 fxe5 34. Qxd4 cxd4 35. Rxe5 Rc8 36. Kf2 Kf6 37. Re4 Rhe8 38. g4 Rxe6 39. Rf4+ Ke7 40. gxh5 gxh5 41. Rf5 d3 42. Rd5 Rd8 43. Rxh5 d2 44. Rh7+ Kd6 0-1

[Event "2024 Autumn Open"]
[Site "?"]
[Date "2024.09.15"]
[Round "4.10"]
[White "Tuson, Jon"]
[Black "McKenna, Joshua"]
[Result "1/2-1/2"]
[WhiteElo "1860"]
[BlackElo "1726"]
[PlyCount "59"]
[EventDate "2024.??.??"]
[SourceVersionDate "2024.10.02"]

1. Nf3 Nf6 2. g3 d5 3. c4 dxc4 4. Bg2 g6 5. O-O Bg7 6. Na3 O-O 7. Nxc4 c6 8. d4 Be6 9. Ne3 Nd5 10. Nc2 Na6 11. a3 Nac7 12. Ng5 Bg4 13. h3 Bd7 14. e4 Nf6 15. Re1 Qc8 16. Kh2 Re8 17. Bd2 e5 18. d5 cxd5 19. Nb4 h6 20. exd5 hxg5 21. Rc1 Qb8 22. Bxg5 Nh7 23. Be7 Bf8 24. d6 Ne6 25. Nd5 Bxe7 26. Nxe7+ Kf8 27. Rxe5 Nf6 28. Rc4 Kg7 29. Rb4 Nd8 30. Re3 1/2-1/2

[Event "2024 Autumn Open"]
[Site "?"]
[Date "2024.09.15"]
[Round "4.11"]
[White "Dixon, Chris"]
[Black "McGrath, Ethan"]
[Result "0-1"]
[WhiteElo "1808"]
[BlackElo "1707"]
[PlyCount "100"]
[EventDate "2024.??.??"]
[SourceVersionDate "2024.10.02"]

1. d4 Nf6 2. Nf3 e6 3. e3 d5 4. Bd3 c5 5. c3 Nc6 6. Nbd2 Bd6 7. O-O Qc7 8. dxc5 Bxc5 9. b4 Bd6 10. Bb2 Ng4 11. h3 h5 12. a3 Nce5 13. Nxe5 Nxe5 14. Nf3 Bd7 15. Be2 Nc4 16. Bxc4 Qxc4 17. Qd4 Qxd4 18. exd4 Bb5 19. Rfe1 a5 20. a4 Bd3 21. b5 Rc8 22. Ba3 Bxa3 23. Rxa3 Be4 24. Nd2 Bh7 25. Re3 Kd7 26. Rg3 Rhg8 27. Rg5 g6 28. Rg3 g5 29. Nf3 f6 30. Nd2 Rg7 31. Re3 b6 32. Ra1 Kd6 33. Rae1 Re7 34. Rc1 e5 35. Nb3 Rc4 36. dxe5+ Rxe5 37. Rf3 Rf5 38. Re3 Rxa4 39. Rce1 Re5 40. Nd4 Bg6 41. Nc6 Rxe3 42. Rxe3 Re4 43. Rf3 f5 44. Rd3 f4 45. f3 Re1+ 46. Kf2 Bxd3 47. Kxe1 Bxb5 48. Nd4 Bd3 49. Nb3 h4 50. Nc1 Bc4 0-1

[Event "2024 Autumn Open"]
[Site "?"]
[Date "2024.09.15"]
[Round "4.12"]
[White "Havard, Gwyn"]
[Black "Ramzan, Timur"]
[Result "1/2-1/2"]
[WhiteElo "1861"]
[BlackElo "1568"]
[PlyCount "41"]
[EventDate "2024.??.??"]
[SourceVersionDate "2024.10.02"]

1. e4 c6 2. d4 d5 3. exd5 cxd5 4. Bd3 Nf6 5. Ne2 Nc6 6. Bf4 Bg4 7. f3 Bh5 8. c3 e6 9. O-O Bd6 10. Re1 O-O 11. Nd2 Qc7 12. Bxd6 Qxd6 13. Ng3 Bg6 14. Ndf1 Rfe8 15. Rc1 Rad8 16. Rc2 Bxd3 17. Qxd3 Ne7 18. Rce2 Ng6 19. Rf2 Nf4 20. Re5 Ng6 21. Re1 1/2-1/2

[Event "2024 Autumn Open"]
[Site "?"]
[Date "2024.09.15"]
[Round "4.13"]
[White "Hannigan, Jack"]
[Black "Daniel, Elijah"]
[Result "1-0"]
[WhiteElo "1794"]
[BlackElo "1392"]
[PlyCount "51"]
[EventDate "2024.??.??"]
[SourceVersionDate "2024.10.02"]

1. e4 d5 2. exd5 Qxd5 3. Nc3 Qa5 4. b4 Qxb4 5. Rb1 Qd6 6. Nf3 Nf6 7. d4 Qd8 8. Ba3 Nbd7 9. Bc4 Nb6 10. Bb3 Bg4 11. Bxf7+ Kxf7 12. Ne5+ Kg8 13. Nxg4 e5 14. Bxf8 exd4 15. Bxg7 Kxg7 16. Nxf6 Qxf6 17. Qg4+ Kf8 18. Ne4 Re8 19. O-O Qe7 20. Ng3 Qf6 21. Rb5 Re5 22. Ne4 Qe7 23. Qf4+ Qf7 24. Qxe5 Nd7 25. Qxh8+ Qg8 26. Rf5+ 1-0

[Event "2024 Autumn Open"]
[Site "?"]
[Date "2024.09.15"]
[Round "4.14"]
[White "Parri, Deio"]
[Black "Latif, Eron"]
[Result "1-0"]
[WhiteElo "1767"]
[BlackElo "1310"]
[PlyCount "47"]
[EventDate "2024.??.??"]
[SourceVersionDate "2024.10.02"]

1. d4 d5 2. c4 e6 3. Nc3 Nf6 4. Nf3 Bb4 5. Qc2 Nc6 6. Bg5 h6 7. Bh4 Bd7 8. e3 Qe7 9. Bd3 dxc4 10. Bxc4 O-O-O 11. a3 Bd6 12. Ne4 g5 13. Nxd6+ Qxd6 14. Bg3 Qe7 15. b4 Nxb4 16. axb4 Qxb4+ 17. Nd2 Kb8 18. O-O Bc6 19. Rfb1 Qe7 20. Ba6 Qd7 21. Be5 Qd5 22. Rxb7+ Ka8 23. Rxa7+ Kxa7 24. Bc4+ 1-0

[Event "2024 Autumn Open"]
[Site "?"]
[Date "2024.09.15"]
[Round "4.17"]
[White "Gale, Mike"]
[Black "Williams, Stephen"]
[Result "1-0"]
[WhiteElo "1759"]
[BlackElo "1662"]
[PlyCount "81"]
[EventDate "2024.??.??"]
[SourceVersionDate "2024.10.02"]

1. e4 c5 2. c3 Nf6 3. e5 Nd5 4. d4 cxd4 5. cxd4 Nc6 6. Bc4 Nb6 7. Bb3 d6 8. Nf3 e6 9. O-O dxe5 10. dxe5 Qxd1 11. Rxd1 Be7 12. Nc3 O-O 13. Be3 Nd7 14. Bf4 a6 15. Ne4 Nc5 16. Nxc5 Bxc5 17. Rac1 Be7 18. Rc3 h6 19. h3 a5 20. a3 a4 21. Bc2 Rd8 22. Rxd8+ Nxd8 23. Rc4 Bd7 24. Rc7 Bc6 25. Rxe7 Rc8 26. Nd4 Kf8 27. Nxc6 Rxc6 28. Rd7 Rxc2 29. Rxd8+ Ke7 30. Rd2 Rc5 31. h4 Rd5 32. Rxd5 exd5 33. f3 Ke6 34. g4 d4 35. Kf1 g5 36. hxg5 hxg5 37. Bxg5 Kxe5 38. Ke2 f6 39. Bh6 f5 40. g5 Kd5 41. Kd3 1-0

[Event "2024 Autumn Open"]
[Site "?"]
[Date "2024.09.15"]
[Round "4.18"]
[White "Hammett, Scott"]
[Black "Probert, Malcolm"]
[Result "1-0"]
[WhiteElo "1644"]
[BlackElo "1747"]
[PlyCount "71"]
[EventDate "2024.??.??"]
[SourceVersionDate "2024.10.02"]

1. f4 d5 2. Nf3 g6 3. e3 Bg7 4. d4 c5 5. c3 b6 6. Bb5+ Bd7 7. Bxd7+ Nxd7 8. O-O Ngf6 9. Bd2 O-O 10. Be1 Ne4 11. Nbd2 Nd6 12. Bh4 Nf5 13. Bf2 Nf6 14. Ne5 Nd6 15. Nef3 Nfe4 16. Ng5 Nxg5 17. fxg5 e5 18. Qg4 e4 19. Bg3 Nf5 20. Rxf5 gxf5 21. Qxf5 Rc8 22. Rf1 Rc6 23. Rf4 Re6 24. h4 Rg6 25. Rg4 f6 26. Qe6+ Kh8 27. h5 Rxg5 28. Rxg5 fxg5 29. h6 Bxh6 30. Qxh6 Qe7 31. Be5+ Kg8 32. Nf1 Rf5 33. Ng3 Rxe5 34. dxe5 Qxe5 35. Nh5 d4 36. Qf6 1-0

[Event "2024 Autumn Open"]
[Site "?"]
[Date "2024.09.15"]
[Round "4.19"]
[White "Hurn, Robert"]
[Black "Richards, Gareth"]
[Result "1/2-1/2"]
[WhiteElo "1715"]
[BlackElo "1576"]
[PlyCount "63"]
[EventDate "2024.??.??"]
[SourceVersionDate "2024.10.02"]

1. d4 d5 2. c4 Nf6 3. Nc3 c6 4. e3 g6 5. Nf3 Bg7 6. Be2 O-O 7. O-O Bg4 8. b3 Ne4 9. Bb2 Qa5 10. Qc2 e6 11. h3 Bf5 12. Bd3 Nd6 13. e4 dxe4 14. Nxe4 Rd8 15. Rfd1 Na6 16. a3 Qc7 17. b4 Nxe4 18. Bxe4 Qf4 19. Bxf5 exf5 20. Rac1 b6 21. Qa4 Nb8 22. Qc2 a5 23. d5 Bxb2 24. Qxb2 cxd5 25. cxd5 axb4 26. axb4 Na6 27. Rd4 Qb8 28. Re1 Nc7 29. Qb3 Rd6 30. Ne5 Qb7 31. Red1 Rad8 32. Nc6 1/2-1/2

[Event "2024 Autumn Open"]
[Site "?"]
[Date "2024.09.15"]
[Round "5.1"]
[White "Brown, Thomas"]
[Black "Beaumont, Chris"]
[Result "0-1"]
[WhiteElo "2125"]
[BlackElo "2156"]
[PlyCount "86"]
[EventDate "2024.??.??"]
[SourceVersionDate "2024.10.02"]

1. e4 d6 2. d4 Nf6 3. Bd3 g6 4. Nf3 Bg7 5. O-O O-O 6. Re1 Nc6 7. c3 e5 8. h3 Re8 9. d5 Ne7 10. c4 Nh5 11. Nc3 Nf4 12. Bf1 h6 13. Kh2 Qd7 14. b4 a5 15. bxa5 Rxa5 16. a4 c5 17. dxc6 bxc6 18. Ba3 c5 19. Nb5 Ra6 20. Ra2 Ne6 21. Rd2 Nd4 22. Nfxd4 exd4 23. f4 Bb7 24. Bd3 Rea8 25. Bc2 Nc6 26. e5 dxe5 27. Bxc5 exf4 28. Nxd4 Nxd4 29. Bxd4 Rd6 30. Bc3 Rxd2 31. Qxd2 Qc7 32. Bxg7 Kxg7 33. Qd4+ Kg8 34. Be4 f3+ 35. g3 Re8 36. Qa7 f2 37. Qxf2 Rxe4 38. Rxe4 Bxe4 39. c5 Qd7 40. Qa2 Qd1 41. g4 Qh1+ 42. Kg3 Qf3+ 43. Kh2 Qf4+ 0-1

[Event "2024 Autumn Open"]
[Site "?"]
[Date "2024.09.15"]
[Round "5.2"]
[White "Turner, George"]
[Black "Tapp, James"]
[Result "1/2-1/2"]
[WhiteElo "1924"]
[BlackElo "1953"]
[PlyCount "118"]
[EventDate "2024.??.??"]
[SourceVersionDate "2024.10.02"]

1. e4 c6 2. c4 d5 3. exd5 cxd5 4. cxd5 Nf6 5. Nc3 Nxd5 6. Nf3 Nc6 7. d4 a6 8. Bc4 Be6 9. Bb3 Na5 10. Bxd5 Bxd5 11. Nxd5 Qxd5 12. Qa4+ Nc6 13. O-O g6 14. Be3 Bg7 15. Rac1 O-O 16. Rc5 Qd6 17. d5 Ne5 18. Nxe5 Bxe5 19. f4 Bg7 20. Qb3 b5 21. Rfc1 Rfd8 22. Qc2 e6 23. dxe6 Qxe6 24. Qf2 Qxa2 25. R5c2 Qd5 26. Rd2 Qb3 27. Bd4 Bxd4 28. Rxd4 Rxd4 29. Qxd4 Qe6 30. h3 a5 31. Rc5 Rb8 32. Re5 Qc8 33. Re7 a4 34. Qf6 Qf8 35. f5 b4 36. fxg6 hxg6 37. Re4 a3 38. Rh4 Qg7 39. Qd6 Rc8 40. bxa3 b3 41. Qb4 Qa1+ 42. Kh2 b2 43. Qd4 Qh1+ 44. Kxh1 b1=Q+ 45. Kh2 Qb8+ 46. Qf4 Qxf4+ 47. Rxf4 Rc2 48. a4 Ra2 49. Kg3 Kg7 50. Kf3 f5 51. Rc4 Kf6 52. Rc6+ Kg5 53. Ra6 Ra3+ 54. Kf2 Ra2+ 55. Kg1 f4 56. a5 Ra1+ 57. Kf2 Ra2+ 58. Kf3 Ra3+ 59. Kf2 Ra2+ 1/2-1/2

[Event "2024 Autumn Open"]
[Site "?"]
[Date "2024.09.15"]
[Round "5.3"]
[White "Di-Vetta, Andrew"]
[Black "Honey, Luke"]
[Result "0-1"]
[WhiteElo "1791"]
[BlackElo "2008"]
[PlyCount "64"]
[EventDate "2024.??.??"]
[SourceVersionDate "2024.10.02"]

1. Nf3 d5 2. g3 Nf6 3. Bg2 g6 4. O-O Bg7 5. d3 O-O 6. c4 c6 7. cxd5 cxd5 8. Nbd2 Nc6 9. b3 Ne4 10. dxe4 Bxa1 11. exd5 Qxd5 12. Nc4 Qxd1 13. Rxd1 Bg7 14. Bf4 Be6 15. Ng5 Bxc4 16. bxc4 e5 17. Be3 h6 18. Ne4 Nd4 19. Kf1 Rad8 20. Bxd4 Rxd4 21. Rxd4 exd4 22. Nd6 b6 23. Bd5 Be5 24. Ne4 Kg7 25. f4 Bc7 26. Nd2 Bd6 27. Ke1 Bb4 28. Kd1 Bxd2 29. Kxd2 Re8 30. a4 Re3 31. Bf3 f5 32. h3 Rc3 0-1

[Event "2024 Autumn Open"]
[Site "?"]
[Date "2024.09.15"]
[Round "5.4"]
[White "Majeed, Haroon"]
[Black "Rathbone-Jones, Ifan"]
[Result "0-1"]
[WhiteElo "1890"]
[BlackElo "2128"]
[PlyCount "66"]
[EventDate "2024.??.??"]
[SourceVersionDate "2024.10.02"]

1. e4 c5 2. Nf3 d6 3. d4 cxd4 4. Nxd4 Nf6 5. Nc3 g6 6. Be3 a6 7. f3 b5 8. Qd2 Bb7 9. a4 b4 10. Na2 e5 11. Nb3 d5 12. Nxb4 dxe4 13. Qxd8+ Kxd8 14. O-O-O+ Kc7 15. Nc5 exf3 16. Nxb7 Bxb4 17. Nc5 Ng4 18. Nd3 Nxe3 19. Nxb4 Nxd1 20. Kxd1 Rd8+ 21. Kc1 e4 22. gxf3 a5 23. Na2 exf3 24. Bc4 Rd4 25. b3 Nc6 26. Nc3 Rxc4 27. bxc4 Ne5 28. Kd2 Nxc4+ 29. Kd3 Ne5+ 30. Ke4 Re8 31. Rd1 f2 32. Ne2 Ng4+ 33. Kf3 f1=Q+ 0-1

[Event "2024 Autumn Open"]
[Site "?"]
[Date "2024.09.15"]
[Round "5.5"]
[White "Hatchett, Paul"]
[Black "Sharhorodsky, Yaroslav"]
[Result "1-0"]
[WhiteElo "1950"]
[BlackElo "1719"]
[PlyCount "63"]
[EventDate "2024.??.??"]
[SourceVersionDate "2024.10.02"]

1. c4 Nf6 2. Nf3 g6 3. b3 Bg7 4. Bb2 O-O 5. e3 d5 6. Be2 dxc4 7. bxc4 c5 8. O-O Nc6 9. Nc3 e5 10. Na4 e4 11. Ne5 Nxe5 12. Bxe5 Qa5 13. Qc2 Bd7 14. Qc3 Qxc3 15. Nxc3 Bc6 16. f3 Rad8 17. Rad1 Rd7 18. Bxf6 Bxf6 19. Nxe4 Bxe4 20. fxe4 Be5 21. d3 Rd6 22. Rf2 Rfd8 23. Rb1 Ra6 24. Bf1 b6 25. Rb3 h5 26. g3 h4 27. gxh4 Kg7 28. Rd2 Rh8 29. d4 Rd8 30. Rbd3 Ra4 31. dxe5 Rxd3 32. Bxd3 1-0

[Event "2024 Autumn Open"]
[Site "?"]
[Date "2024.09.15"]
[Round "5.6"]
[White "Szakmany, Bence"]
[Black "Richards, Gareth"]
[Result "1-0"]
[WhiteElo "1909"]
[BlackElo "1791"]
[PlyCount "73"]
[EventDate "2024.??.??"]
[SourceVersionDate "2024.10.02"]

1. e4 e6 2. d4 d5 3. exd5 exd5 4. h3 Nf6 5. Nf3 Nc6 6. c3 Bd6 7. Bd3 h6 8. O-O Be6 9. Nbd2 Qd7 10. Re1 O-O-O 11. b4 Nh7 12. Nb3 b6 13. b5 Ne7 14. a4 Bxh3 15. gxh3 Qxh3 16. Bf1 Qh5 17. Ne5 Qxd1 18. Rxd1 Rdf8 19. a5 Kb7 20. Bg2 f6 21. Nd3 Kb8 22. Bf4 Rd8 23. axb6 cxb6 24. Re1 Rhe8 25. Bxd6+ Rxd6 26. Nb4 Ng5 27. Nxd5 Ne6 28. Nb4 g5 29. c4 Nxd4 30. Nxd4 Rxd4 31. Rxe7 Rxe7 32. Nc6+ Kc7 33. Nxd4 Kc8 34. Nc6 Re2 35. Rxa7 f5 36. Rf7 Re1+ 37. Kh2 1-0

[Event "2024 Autumn Open"]
[Site "?"]
[Date "2024.09.15"]
[Round "5.7"]
[White "Jukes, Sam"]
[Black "Westcott, Dale"]
[Result "1-0"]
[WhiteElo "1895"]
[BlackElo "1768"]
[PlyCount "55"]
[EventDate "2024.??.??"]
[SourceVersionDate "2024.10.02"]

1. e4 c5 2. Nf3 d6 3. d4 cxd4 4. Nxd4 Nf6 5. Nc3 Nc6 6. f3 e5 7. Nb3 Be6 8. Nd5 Be7 9. Be3 O-O 10. Qd2 a5 11. Bb6 Qb8 12. Nc7 Rc8 13. Nxa8 Qxa8 14. Bd3 d5 15. Nc5 dxe4 16. fxe4 Bg4 17. c3 Bxc5 18. Bxc5 Rd8 19. Qe3 Be6 20. O-O Ng4 21. Qe2 Qc8 22. h3 Nf6 23. Be3 Bxh3 24. gxh3 Qxh3 25. Rf3 Qg4+ 26. Kf2 Qh4+ 27. Kg2 Nxe4 28. Rh3 1-0

[Event "2024 Autumn Open"]
[Site "?"]
[Date "2024.09.15"]
[Round "5.8"]
[White "McGregor, John"]
[Black "McGrath, Ethan"]
[Result "1-0"]
[WhiteElo "1894"]
[BlackElo "1707"]
[PlyCount "60"]
[EventDate "2024.??.??"]
[SourceVersionDate "2024.10.02"]

1. e4 e6 2. d4 d5 3. Nc3 dxe4 4. Nxe4 Nf6 5. Bg5 Be7 6. Nxf6+ Bxf6 7. Bxf6 Qxf6 8. Nf3 c5 9. c3 cxd4 10. Qxd4 Qxd4 11. Nxd4 a6 12. Bd3 Bd7 13. Be4 Nc6 14. Nxc6 Bxc6 15. Bxc6+ bxc6 16. O-O-O Ke7 17. Rd4 Rhd8 18. Rhd1 Rd5 19. c4 Rxd4 20. Rxd4 Rd8 21. Rxd8 Kxd8 22. b4 f5 23. Kd2 Kd7 24. c5 e5 25. Kd3 g5 26. a4 a5 27. bxa5 Kc7 28. g4 f4 29. Ke4 Kb7 30. Kxe5 Ka6 1-0

[Event "2024 Autumn Open"]
[Site "?"]
[Date "2024.09.15"]
[Round "5.9"]
[White "Bain, Oliver"]
[Black "Tuson, Jon"]
[Result "1/2-1/2"]
[WhiteElo "1581"]
[BlackElo "1860"]
[PlyCount "69"]
[EventDate "2024.??.??"]
[SourceVersionDate "2024.10.02"]

1. d4 Nf6 2. Nc3 c5 3. d5 b5 4. a4 bxa4 5. e4 g6 6. Nf3 d6 7. Bb5+ Bd7 8. Qd3 Bg7 9. O-O O-O 10. Nd2 Bxb5 11. Qxb5 Ng4 12. Nc4 Qd7 13. Na5 Ne5 14. h3 Qxb5 15. Nxb5 Na6 16. f4 Nd7 17. Rxa4 Nb4 18. c3 Nd3 19. Nc6 Nb6 20. Nxe7+ Kh8 21. Ra6 Rfe8 22. Nc6 Rxe4 23. Nxd6 Re2 24. Nxf7+ Kg8 25. Nfe5 Nxc1 26. Rxc1 Nxd5 27. g3 Ne3 28. b3 Rg2+ 29. Kh1 Rxg3 30. Kh2 Rg2+ 31. Kh1 Rf2 32. Rca1 Rxf4 33. Rxa7 Rxa7 34. Rxa7 Rf2 35. Ra5 1/2-1/2

[Event "2024 Autumn Open"]
[Site "?"]
[Date "2024.09.15"]
[Round "5.11"]
[White "Jones, Steve"]
[Black "Browse, Joseph"]
[Result "1-0"]
[WhiteElo "1808"]
[BlackElo "1737"]
[PlyCount "58"]
[EventDate "2024.??.??"]
[SourceVersionDate "2024.10.02"]

1. d4 Nf6 2. Nc3 d5 3. Bf4 c5 4. e3 cxd4 5. exd4 Bg4 6. f3 Bd7 7. Nb5 Qa5+ 8. Bd2 Qb6 9. a4 Bxb5 10. Bxb5+ Nc6 11. Ne2 e6 12. c3 Bd6 13. O-O O-O 14. Kh1 Qc7 15. Qe1 Na5 16. Bg5 Be7 17. Bd3 h6 18. Bf4 Bd6 19. Qh4 Bxf4 20. Nxf4 g5 21. Nxe6 fxe6 22. Qxh6 Qg7 23. Qh3 g4 24. fxg4 Nxg4 25. Bh7+ Qxh7 26. Qxg4+ Kh8 27. Qxe6 Qe4 28. Qh6+ Kg8 29. Rfe1 Qf5 1-0

[Event "2024 Autumn Open"]
[Site "?"]
[Date "2024.09.15"]
[Round "5.11"]
[White "McKenna, Joshua"]
[Black "Hannigan, Jack"]
[Result "1-0"]
[WhiteElo "1726"]
[BlackElo "1794"]
[PlyCount "61"]
[EventDate "2024.??.??"]
[SourceVersionDate "2024.10.02"]

1. e4 e6 2. d4 d5 3. Nc3 Be7 4. Bd3 c5 5. dxc5 Nf6 6. exd5 exd5 7. Nf3 Nc6 8. O-O Be6 9. Be3 O-O 10. Nd4 Nxd4 11. Bxd4 Qa5 12. a3 Rfc8 13. b4 Qc7 14. Nb5 Qf4 15. Re1 Ng4 16. h3 Qh2+ 17. Kf1 Qh1+ 18. Ke2 Qxg2 19. Rg1 Qxh3 20. Kd2 a6 21. Rh1 Bg5+ 22. Kc3 Qg2 23. Nd6 Rcb8 24. Rxh7 Bh6 25. Qe2 Rd8 26. Nxb7 Rd7 27. c6 Rc7 28. Na5 Rac8 29. Kb2 Re8 30. Re1 Qh2 31. Qxg4 1-0

[Event "2024 Autumn Open"]
[Site "?"]
[Date "2024.09.15"]
[Round "5.12"]
[White "Tuson, Bronwen"]
[Black "Parri, Deio"]
[Result "1-0"]
[WhiteElo "1620"]
[BlackElo "1767"]
[PlyCount "59"]
[EventDate "2024.??.??"]
[SourceVersionDate "2024.10.02"]

1. c4 e6 2. g3 Nf6 3. Bg2 Be7 4. Nc3 O-O 5. Nf3 d5 6. d4 dxc4 7. Qa4 Bd7 8. Qxc4 Bc6 9. O-O Nbd7 10. Rd1 Nb6 11. Qb3 Nbd5 12. e4 Nxc3 13. Qxc3 Bxe4 14. Bf4 c6 15. Qe3 Bg6 16. Rac1 Nd5 17. Qb3 Nxf4 18. gxf4 Qc7 19. Ne5 Rab8 20. d5 exd5 21. Rxd5 Rfd8 22. Rxd8+ Rxd8 23. f5 Qxe5 24. fxg6 hxg6 25. Qxb7 Bg5 26. Rxc6 Rd1+ 27. Bf1 Qe2 28. Qc8+ Rd8 29. Bxe2 Rxc8 30. Rxc8+ 1-0

[Event "2024 Autumn Open"]
[Site "?"]
[Date "2024.09.15"]
[Round "5.13"]
[White "Gale, Michael"]
[Black "Havard, Gwyn"]
[Result "1-0"]
[WhiteElo "1759"]
[BlackElo "1861"]
[PlyCount "43"]
[EventDate "2024.??.??"]
[SourceVersionDate "2024.10.02"]

1. e4 d5 2. exd5 Nf6 3. d4 Bg4 4. Nf3 Qxd5 5. Be2 Nc6 6. h3 Bf5 7. c4 Qd7 8. O-O e6 9. Nc3 O-O-O 10. Be3 Be7 11. Qa4 Kb8 12. Rfd1 Nb4 13. Nb5 a6 14. Ne5 Qe8 15. d5 Bd6 16. f4 exd5 17. Qa5 c5 18. Nxd6 Rxd6 19. Bxc5 Nc6 20. Bxd6+ Ka7 21. Nxc6+ Qxc6 22. Qc5+ 1-0

[Event "2024 Autumn Open"]
[Site "?"]
[Date "2024.09.15"]
[Round "5.14"]
[White "Ramzan, Timur"]
[Black "Dixon, Chris"]
[Result "1/2-1/2"]
[WhiteElo "1568"]
[BlackElo "1808"]
[PlyCount "34"]
[EventDate "2024.??.??"]
[SourceVersionDate "2024.10.02"]

1. e4 d5 2. exd5 Qxd5 3. Nc3 Qd8 4. d4 Nf6 5. Nf3 Bg4 6. Be2 e6 7. h3 Bh5 8. O-O c6 9. Bg5 Be7 10. Re1 Nbd7 11. Ne5 Bxe2 12. Qxe2 O-O 13. Rad1 h6 14. Bh4 Nb6 15. Ng4 Nxg4 16. Bxe7 Qxe7 17. Qxg4 Rad8 1/2-1/2

[Event "2024 Autumn Open"]
[Site "?"]
[Date "2024.09.15"]
[Round "5.15"]
[White "Quinn, Peter"]
[Black "Prabhu, Vismith"]
[Result "1/2-1/2"]
[WhiteElo "1786"]
[BlackElo "1731"]
[PlyCount "89"]
[EventDate "2024.??.??"]
[SourceVersionDate "2024.10.02"]

1. e4 c5 2. Nf3 e6 3. d4 cxd4 4. Nxd4 Nf6 5. Nc3 Nc6 6. a3 a6 7. Be3 Be7 8. Be2 Qc7 9. O-O b5 10. Kh1 O-O 11. f4 Nxd4 12. Bxd4 Bb7 13. Bf3 d6 14. e5 dxe5 15. Bxe5 Qb6 16. Bxb7 Qxb7 17. Qf3 Qxf3 18. Rxf3 Rfd8 19. Rf2 Rd7 20. h3 Rad8 21. Rc1 Nd5 22. Nxd5 Rxd5 23. Bc3 Rc8 24. Rd2 Bxa3 25. Rxd5 exd5 26. Ra1 Bd6 27. Rxa6 Bxf4 28. Rb6 h6 29. Rxb5 d4 30. Bxd4 Rxc2 31. g4 Rh2+ 32. Kg1 Rxh3 33. Kf2 Rd3 34. Ba7 Kh7 35. b4 Rb3 36. Rb7 Kg6 37. b5 Be5 38. Be3 f5 39. gxf5+ Kxf5 40. b6 Ke4 41. Bc5 Kd5 42. Bf8 Bd4+ 43. Kg2 Rxb6 44. Rxb6 Bxb6 45. Bxg7 1/2-1/2

[Event "2024 Autumn Open"]
[Site "?"]
[Date "2024.09.15"]
[Round "5.16"]
[White "Daniel, Elijah"]
[Black "Hammett, Scott"]
[Result "0-1"]
[WhiteElo "1392"]
[BlackElo "1644"]
[PlyCount "48"]
[EventDate "2024.??.??"]
[SourceVersionDate "2024.10.02"]

1. d4 d5 2. Bf4 e6 3. e3 Bd6 4. Bg3 f5 5. c3 Nf6 6. Bd3 O-O 7. Nf3 Bd7 8. Nbd2 Be8 9. Qe2 a6 10. Ne5 b5 11. f4 Bxe5 12. fxe5 Bh5 13. Nf3 Ne4 14. Qc2 Nd7 15. Be2 c5 16. Bd1 Nb6 17. Nd2 Qg5 18. Nf1 Nc4 19. Bf4 Bxd1 20. Rxd1 Qe7 21. b3 Na3 22. Qc1 b4 23. cxb4 cxb4 24. Qa1 Nc2+ 0-1

[Event "2024 Autumn Open"]
[Site "?"]
[Date "2024.09.15"]
[Round "5.19"]
[White "Williams, Stephen"]
[Black "Hurn, Robert"]
[Result "1-0"]
[WhiteElo "1662"]
[BlackElo "1715"]
[PlyCount "77"]
[EventDate "2024.??.??"]
[SourceVersionDate "2024.10.02"]

1. e4 c5 2. Nc3 Nc6 3. Bb5 Nd4 4. Nf3 Nxb5 5. Nxb5 a6 6. Nc3 e6 7. d4 cxd4 8. Qxd4 Ne7 9. Bg5 f6 10. Be3 Nc6 11. Qd2 Be7 12. O-O-O O-O 13. h4 b5 14. g4 Qa5 15. Kb1 Rd8 16. g5 b4 17. Ne2 Bb7 18. gxf6 Bxf6 19. Rhg1 b3 20. Qxa5 bxc2+ 21. Kxc2 Nxa5 22. Nc3 Nc4 23. Bg5 Bxg5 24. hxg5 d5 25. exd5 exd5 26. Nd4 Rac8 27. b3 Nb6 28. Kd3 Re8 29. Rde1 Kf7 30. f4 Nd7 31. Nf5 Rc6 32. Rxe8 Kxe8 33. Re1+ Kf8 34. Nxd5 Nc5+ 35. Kd4 Ne6+ 36. Ke5 Nd8 37. Nd6 Ba8 38. Nb4 Rc5+ 39. Kd4 1-0